| 000 | 00623nam a2200229Ia 4500 | ||
|---|---|---|---|
| 003 | OSt | ||
| 005 | 20221007071230.0 | ||
| 006 | a|||||r|||| 00| 0 | ||
| 007 | ta | ||
| 008 | 221006b |||||||| |||| 00| 0 eng d | ||
| 024 | _a24,909 | ||
| 037 | _cTextual | ||
| 040 |
_aFLL _cFLL _beng |
||
| 041 |
_2eng _aeng |
||
| 082 | _aZ3,2674qN8, M9 | ||
| 100 | _aDworkin Gerald | ||
| 245 | 0 | _aCopyright, designs and patents act 1988 | |
| 260 |
_aLondon _bBlackstone Press Ltd. London _c1989 |
||
| 300 |
_ax,1-454p _ccm. |
||
| 942 |
_hZ3,2674qN8, M9 _cTEXL _2CC |
||
| 999 |
_c1142816 _d1142816 |
||